Ciencia, tecnología e innovación en América Latina y el Caribe (Registro nro. 2043)
[ vista simple ]
| 000 -LEADER | |
|---|---|
| fixed length control field | 01164 a2200241 4500 |
| 001 - CONTROL NUMBER | |
| control field | 30175 |
| 005 - DATE AND TIME OF LATEST TRANSACTION | |
| control field | 20260407155613.0 |
| 008 - FIXED-LENGTH DATA ELEMENTS--GENERAL INFORMATION | |
| fixed length control field | 260407a2010 arg spa d |
| 003 - CONTROL NUMBER IDENTIFIER | |
| control field | AR-UNSa-BCEJYS |
| 040 ## - CATALOGING SOURCE | |
| Original cataloging agency | AR-UNSa-BCEJYS |
| Language of cataloging | spa |
| Transcribing agency | AR-UNSa-BCEJYS |
| 080 ## - UNIVERSAL DECIMAL CLASSIFICATION NUMBER | |
| Universal Decimal Classification number | 004 |
| Common auxiliary subdivision | Ciencia y tecnología de los ordenadores. Informática |
| 041 ## - LANGUAGE CODE | |
| Language code of text/sound track or separate title | spa |
| 100 1# - MAIN ENTRY--PERSONAL NAME | |
| Personal name | Crespi, Gustavo |
| 245 10 - TITLE STATEMENT | |
| Title | Ciencia, tecnología e innovación en América Latina y el Caribe |
| Name of part/section of a work | un compendio estadístico de indicadores |
| 264 #1 - PRODUCTION, PUBLICATION, DISTRIBUTION, MANUFACTURE, AND COPYRIGHT NOTICE | |
| Place of production, publication, distribution, manufacture | Washington : |
| Name of producer, publisher, distributor, manufacturer | Banco Interamericano de Desarrollo |
| Date of production, publication, distribution, manufacture, or copyright notice | 2010 |
| 300 ## - PHYSICAL DESCRIPTION | |
| Extent | 115 p. |
| Dimensions | 27 cm. |
| 505 ## - FORMATTED CONTENTS NOTE | |
| Formatted contents note | 1. Capital humano y conocimiento - 2. Innovación, productividad y desempeño económico - 3. Innovación en las empresas - 4. Política, gerencia y estructura institucional del apoyo a la innovación - 5. Tecnología de la información y comunicación (TIC) |
| 590 ## - LOCAL NOTE (RLIN) | |
| Local note | niveau_biblio:m niveau_hierar:0 |
| 700 1# - ADDED ENTRY--PERSONAL NAME | |
| Personal name | Navarro, Juan Carlos |
| 700 1# - ADDED ENTRY--PERSONAL NAME | |
| Personal name | Zuñiga, Pluvia |
| 856 41 - ELECTRONIC LOCATION AND ACCESS | |
| Uniform Resource Identifier | <a href="https://biblioeco.unsa.edu.ar/pmb/images/libros/Ciencia, tecnologia e innovacion en america latina y caribe-l125077.jpg">https://biblioeco.unsa.edu.ar/pmb/images/libros/Ciencia, tecnologia e innovacion en america latina y caribe-l125077.jpg</a> |
| Link text | Imagen de portada |
| Electronic format type | image/jpeg |
| 942 ## - ADDED ENTRY ELEMENTS (KOHA) | |
| Koha item type | |
| Withdrawn status | Lost status | Damaged status | Not for loan | Home library | Current library | Shelving location | Date acquired | Total checkouts | Full call number | Barcode | Date last seen | Price effective from | Koha item type |
|---|---|---|---|---|---|---|---|---|---|---|---|---|---|
| Biblioteca Prof. Eusebio Cleto del Rey | Biblioteca Prof. Eusebio Cleto del Rey | 07/04/2026 | 004 N319 | L125077 | 07/04/2026 | 07/04/2026 | Libro |